The Writer's Herbrace Handbook Brief (Record no. 2497)

MARC details
000 -LEADER
fixed length control field 00363nam a22001457a 4500
008 - FIXED-LENGTH DATA ELEMENTS--GENERAL INFORMATION
fixed length control field 250320b |||||||| |||| 00| 0 eng d
020 ## - INTERNATIONAL STANDARD BOOK NUMBER
ISBN 9781413032574
100 ## - MAIN ENTRY--AUTHOR
Author GLENN, Cheryl
245 ## - TITLE STATEMENT
Title The Writer's Herbrace Handbook Brief
250 ## - EDITION STATEMENT
Edition statement 3rd
260 ## - PUBLICATION, DISTRIBUTION, ETC. (IMPRINT)
Place of publication Australia
Name of publisher Thomson Wadsword
Date of publication 2008
300 ## - COLLATION
Pagination xxii, 592p.
942 ## - ADDED ENTRY ELEMENTS (KOHA)
Item type Books
050 ## - LIBRARY OF CONGRESS CALL NUMBER
Classification number PE25
Item number .G54
Holdings
Source of classification or shelving scheme Not for loan Permanent location Current location Date acquired Accession No. Full call number Barcode. Koha item type
Library of Congress Classification   Samuel Ogbemudia Main Library, University of Abuja Samuel Ogbemudia Main Library, University of Abuja 03/20/2025 2011/42717 PE25.G54 2025-0768 Books